000 01676cam a2200265 a 4500
001 14075643
005 20260429051354.0
008 050816s2005 ii a b 001 0 eng
020 _a0195670175 (hbk.)
082 0 0 _a330.954 RAO
100 1 _aGovinda Rao, M.
245 1 4 _aThe political economy of federalism in India /
_cM. Govinda Rao and Nirvikar Singh.
260 _aNew Delhi :
_bOxford University Press,
_c2005.
300 _aix, 422 p. ;
_bill. ;
_c23 cm.
365 _bRS.675
505 _a I THE SETTING 1. Political Economy of Federalism: Challenges of Reforming Policies and Institutions 2. Political and Economic Theories of Federalism 3. A Historical Review of Indian Federalism 4. Bargaining, Control, and Commitment 5. Dimensions of Federal Governance II ECONOMICS OF INDIAN FEDERALISM 6. Assignment of Taxes and Expenditures 7. Fiscal Overlapping, Concurrency, and Competition 8. Intergovernmental Transfers: Rationale and Design 9. Explicit and Implicit Intergovernmental Transfers 10. Natural Resources III POLITICAL ECONOMY AND INTERGOVERNMENTAL REFORMS 11. The Political Economy of Centre-state Transfers 12. Regional Dimensions of Economic Growth 13. Issues in Local Government Reform 14. Policy and Institutional Dimensions of Reform 15. Indian Federalism in a Global Environment Bibliography
650 0 _aFederal government
650 0 _aFederal government
650 0 _aDecentralization in government
650 0 _aComparative government.
650 0 _aCapitalism
700 1 _aSingh, Nirvikar.
856 4 2 _3Publisher description
_uhttp://www.loc.gov/catdir/enhancements/fy0636/2005281111-d.html
942 _2ddc
_cBK
999 _c22944
_d22944